[Event "Jerusalem op"]
[Site "Jerusalem"]
[Date "2024.09.25"]
[Round "8"]
[White "Schnaider, Ilan"]
[Black "Ljubarov, Mark"]
[Result "0-1"]
[WhiteElo "2409"]
[BlackElo "2345"]
[PlyCount "154"]
[EventDate "2024.09.24"]
[EventType "swiss (rapid)"]
[EventRounds "9"]
[EventCountry "ISR"]
[SourceTitle "EXT 2025"]
[Source "ChessBase"]
[SourceDate "2024.10.14"]
[SourceVersion "1"]
[SourceVersionDate "2024.10.14"]
[SourceQuality "1"]

1. e4 c6 2. Nc3 d5 3. Nf3 dxe4 4. Nxe4 Nf6 5. Qe2 Nxe4 6. Qxe4 Qd5 7. Qh4 Qe6+ 8. Be2 Qg6 9. d3 Qxg2 10. Rg1 Qh3 11. Qd4 Nd7 12. Be3 f6 13. Rg3 Qe6 14. Qc3 Nb6 15. Nd4 Qd6 16. Qd2 Nd5 17. 0-0-0 e5 18. Nb3 Qb4 19. c3 Qa4 20. Kb1 Nxe3 21. fxe3 Be6 22. Qc2 0-0-0 23. Rf1 h5 24. d4 Bc4 25. Bxc4 Qxc4 26. Nd2 Qe6 27. h4 Rd7 28. Qf5 Qxf5+ 29. Rxf5 exd4 30. exd4 Bd6 31. Rg6 Re7 32. Kc2 Kd7 33. Kd3 Ke6 34. Rfg5 Bf4 35. Rg2 Bh6 36. Ne4 b6 37. a4 Rd7 38. b4 Kf7 39. R6g3 Re8 40. a5 Kf8 41. Rg6 Re6 42. Ng3 Re3+ 43. Kc2 Rd5 44. Nf1 Re4 45. Rh2 Kf7 46. Rgg2 bxa5 47. bxa5 Rxa5 48. Kd3 Rg4 49. Rb2 Rf5 50. Rb7+ Kg6 51. Nd2 c5 52. Re2 cxd4 53. cxd4 Bxd2 54. Rxd2 Rxh4 55. Rxa7 Rg4 56. Kc3 h4 57. d5 h3 58. d6 Rf3+ 59. Kc2 Rc4+ 60. Kb2 Rc8 61. Re7 Rb8+ 62. Kc2 Ra3 63. Rd4 h2 64. Rh4 Rd8 65. d7 Kg5 66. Rh7 g6 67. Kb2 Rd3 68. Kc2 Rd4 69. Re2 f5 70. Rg2+ Kf6 71. Rh6 h1Q 72. Rxh1 R4xd7 73. Rh6 Rc7+ 74. Kb1 Rb8+ 75. Ka1 Ra7+ 76. Ra2 Rxa2+ 77. Kxa2 f4 0-1

[Event "Titled Tuesday intern op 17th Sep Early"]
[Site "Chess,com INT"]
[Date "2024.09.17"]
[Round "2"]
[White "Jovic, Stanoje"]
[Black "Schnaider, Ilan"]
[Result "0-1"]
[WhiteElo "2069"]
[BlackElo "2409"]
[PlyCount "76"]
[EventDate "2024.09.17"]
[EventType "swiss (blitz)"]
[EventRounds "11"]
[EventCountry "USA"]
[SourceTitle "EXT 2025"]
[Source "ChessBase"]
[SourceDate "2024.10.14"]
[SourceVersion "1"]
[SourceVersionDate "2024.10.14"]
[SourceQuality "1"]

1. c4 Nf6 2. g3 g6 3. Bg2 Bg7 4. Nc3 0-0 5. Nf3 d5 6. cxd5 Nxd5 7. 0-0 Nc6 8. Nxd5 Qxd5 9. d3 Qb5 10. Rb1 Be6 11. b3 Nb4 12. Qd2 a5 13. Bb2 Rfd8 14. Bxg7 Kxg7 15. Rfc1 c6 16. Ng5 Bf5 17. Qe3 h6 18. Rc5 Qa6 19. a3 Nxd3 20. exd3 hxg5 21. Be4 Bxe4 22. Qxe4 Qxd3 23. Qe5+ Kg8 24. Re1 e6 25. Qxg5 Rd5 26. Rxd5 Qxd5 27. Qe3 a4 28. b4 Qb3 29. Qc1 Rd8 30. h4 Rd5 31. Kg2 Rd3 32. h5 Qd5+ 33. Kg1 Qxh5 34. Qc2 Qb5 35. Qe2 Qd5 36. Qc2 b5 37. Rc1 Rd2 38. Qxc6 Rd1+ 0-1

[Event "Titled Tuesday intern op 17th Sep Early"]
[Site "Chess,com INT"]
[Date "2024.09.17"]
[Round "9"]
[White "Martinez Alcantara, Jose Eduardo"]
[Black "Schnaider, Ilan"]
[Result "1-0"]
[WhiteElo "2607"]
[BlackElo "2409"]
[PlyCount "123"]
[EventDate "2024.09.17"]
[EventType "swiss (blitz)"]
[EventRounds "11"]
[EventCountry "USA"]
[SourceTitle "EXT 2025"]
[Source "ChessBase"]
[SourceDate "2024.10.14"]
[SourceVersion "1"]
[SourceVersionDate "2024.10.14"]
[SourceQuality "1"]

1. e4 c5 2. Nf3 e6 3. c3 Nf6 4. e5 Nd5 5. a3 Nc6 6. d4 cxd4 7. cxd4 d6 8. Bd3 dxe5 9. dxe5 Qc7 10. 0-0 Bd7 11. Re1 h6 12. Nbd2 Be7 13. Nf1 g5 14. Be4 Nb6 15. h3 0-0-0 16. Qe2 Kb8 17. b4 Rhg8 18. Bb2 Na4 19. Rac1 Nxb2 20. Qxb2 Qb6 21. Ne3 a6 22. Nc4 Qa7 23. g4 h5 24. Kg2 hxg4 25. hxg4 Rgf8 26. Red1 f5 27. exf6 Bxf6 28. Qe2 Nd4 29. Qe3 Nxf3 30. Qxa7+ Kxa7 31. Bxf3 Bb5 32. Nd6 Be5 33. Nxb5+ axb5 34. Re1 Bf4 35. Rc5 Rd3 36. Rxb5 Rxf3 37. Kxf3 Bd2+ 38. Ke2 Bxe1 39. Kxe1 Rg8 40. Ke2 Rg6 41. Ke3 Ka6 42. Rc5 b6 43. Re5 Kb7 44. a4 Kc6 45. a5 b5 46. Rc5+ Kb7 47. Rxb5+ Ka7 48. Rc5 Rh6 49. f3 Rh1 50. Rxg5 Rb1 51. Rb5 Re1+ 52. Kf4 Ka6 53. Re5 Ka7 54. Rxe1 Ka6 55. g5 Kb7 56. g6 e5+ 57. Kxe5 Ka6 58. f4 Kb5 59. f5 Ka6 60. f6 Kb7 61. f7 Ka6 62. g7 1-0

[Event "Titled Tuesday intern op 17th Sep Early"]
[Site "Chess,com INT"]
[Date "2024.09.17"]
[Round "6"]
[White "Schnaider, Ilan"]
[Black "Degenbaev, Aziz"]
[Result "1-0"]
[WhiteElo "2409"]
[BlackElo "2275"]
[PlyCount "149"]
[EventDate "2024.09.17"]
[EventType "swiss (blitz)"]
[EventRounds "11"]
[EventCountry "USA"]
[SourceTitle "EXT 2025"]
[Source "ChessBase"]
[SourceDate "2024.10.14"]
[SourceVersion "1"]
[SourceVersionDate "2024.10.14"]
[SourceQuality "1"]

1. e4 c5 2. Nf3 d6 3. d4 cxd4 4. Nxd4 Nf6 5. Nc3 Bd7 6. Bg5 e6 7. Ndb5 Bc6 8. Bd3 a6 9. Nd4 h6 10. Bh4 Be7 11. Bg3 0-0 12. 0-0 Qb6 13. Nb3 Nbd7 14. Re1 Ne5 15. Qe2 Rac8 16. Rad1 Rfe8 17. h3 Qa7 18. Kh2 b5 19. f4 Nxd3 20. cxd3 b4 21. Nb1 Bb5 22. Bf2 Qb7 23. Nd4 Nd7 24. Nd2 Bf6 25. Nxb5 Qxb5 26. Nc4 Rc6 27. Rc1 d5 28. exd5 Qxd5 29. Qd2 Rec8 30. Red1 a5 31. Be3 Nf8 32. Nb6 Qd8 33. Nxc8 Qxc8 34. Rxc6 Qxc6 35. Rc1 Qd7 36. Rc5 Kh7 37. Rxa5 Ng6 38. Rc5 Nh4 39. Rc4 Nf5 40. Bf2 Qd5 41. Rxb4 Qxa2 42. Re4 Qxb2 43. Qxb2 Bxb2 44. g4 Ne7 45. Bd4 Ba3 46. Bf2 Kg6 47. Ra4 Bd6 48. Bg3 f5 49. Kg2 Nd5 50. Ra6 Bxf4 51. Rxe6+ Kg5 52. Rc6 fxg4 53. Rc5 gxh3+ 54. Kxh3 Kg6 55. Rxd5 Bg5 56. Rd6+ Kf7 57. Ra6 Bf6 58. Bf2 h5 59. d4 g5 60. d5 g4+ 61. Kg2 h4 62. Ra7+ Kg6 63. Ra4 Kf5 64. d6 g3 65. Bxg3 hxg3 66. d7 Ke6 67. Rd4 Bd8 68. Kxg3 Ke7 69. Rd3 Bc7+ 70. Kg4 Kd8 71. Kf5 Bb6 72. Ke6 Ba5 73. Rf3 Kc7 74. Ra3 Kc6 75. Rxa5 1-0

[Event "Titled Tuesday intern op 10th Sep Early"]
[Site "Chess,com INT"]
[Date "2024.09.10"]
[Round "11"]
[White "Schnaider, Ilan"]
[Black "Bluebaum, Matthias"]
[Result "1/2-1/2"]
[WhiteElo "2409"]
[BlackElo "2640"]
[PlyCount "168"]
[EventDate "2024.09.10"]
[EventType "swiss (blitz)"]
[EventRounds "11"]
[EventCountry "USA"]
[SourceTitle "EXT 2025"]
[Source "ChessBase"]
[SourceDate "2024.10.14"]
[SourceVersion "1"]
[SourceVersionDate "2024.10.14"]
[SourceQuality "1"]

1. d4 d5 2. Nc3 e6 3. Bf4 c5 4. e4 cxd4 5. Qxd4 Nc6 6. Qa4 Bb4 7. Bb5 Bxc3+ 8. bxc3 Nge7 9. Nf3 0-0 10. 0-0 dxe4 11. Qxe4 Qd5 12. Bd3 Qxe4 13. Bxe4 Bd7 14. Rad1 Nd5 15. Bxd5 exd5 16. Ne5 Be6 17. Nxc6 bxc6 18. Rb1 Rfd8 19. Rb7 d4 20. cxd4 Rxd4 21. Be3 Ra4 22. Rfb1 h6 23. Ra1 a5 24. a3 Rc4 25. Rc1 Rc3 26. a4 Rc4 27. Rc7 Bd5 28. f3 Rxa4 29. c4 Rxc4 30. Rxc4 Bxc4 31. Rxc6 Be6 32. Rc3 a4 33. Ra3 Bb3 34. Kf2 Rc8 35. Kg3 Kh7 36. h4 Rc4 37. Ra1 Kg6 38. Rc1 Bc2 39. Ra1 Kf5 40. Kf2 h5 41. Ke2 Rxh4 42. Kd2 Bb3 43. Rc1 a3 44. Rc5+ Ke6 45. Rc6+ Kd7 46. Ra6 a2 47. Ra7+ Kc6 48. Kc3 Ra4 49. Rxa4 Bxa4 50. Kb2 Bb3 51. Bd4 g6 52. Kxb3 Kd5 53. Bb2 Ke6 54. Kxa2 Kf5 55. Bc3 Kf4 56. Be1 Ke3 57. Kb2 Ke2 58. Bh4 Kf1 59. g3 Kg2 60. f4 Kf3 61. Kc3 f6 62. Bxf6 Kxg3 63. Kd4 h4 64. Bxh4+ Kxh4 65. Ke4 Kg4 66. Ke3 Kh4 67. Ke4 Kg4 68. Ke3 Kf5 69. Kf3 Kf6 70. Kg4 Kf7 71. Kg5 Kg7 72. f5 Kf7 73. fxg6+ Kg7 74. Kf5 Kg8 75. Kf4 Kg7 76. Kg5 Kg8 77. Kh4 Kg7 78. Kh5 Kg8 79. Kg4 Kg7 80. Kf5 Kg8 81. Kf6 Kf8 82. g7+ Kg8 83. Kg5 Kh7 84. Kh5 Kxg7 1/2-1/2

[Event "Trieste op 26th"]
[Site "Trieste"]
[Date "2024.09.02"]
[Round "4"]
[White "Bardone, Lorenzo"]
[Black "Schnaider, Ilan"]
[Result "0-1"]
[WhiteElo "2234"]
[BlackElo "2377"]
[PlyCount "94"]
[EventDate "2024.08.31"]
[EventType "swiss"]
[EventRounds "9"]
[EventCountry "ITA"]
[SourceTitle "EXT 2025"]
[Source "ChessBase"]
[SourceDate "2024.10.14"]
[SourceVersion "1"]
[SourceVersionDate "2024.10.14"]
[SourceQuality "1"]

1. d4 d5 2. c4 c6 3. Nf3 Nf6 4. g3 dxc4 5. Bg2 g6 6. 0-0 Bg7 7. a4 Ne4 8. Qc2 Nd6 9. e4 Na6 10. Na3 Nb4 11. Qc3 a5 12. e5 Nd5 13. Qe1 Nf5 14. g4 Nh6 15. h3 0-0 16. Nxc4 f5 17. g5 Nf7 18. Bd2 b6 19. Qc1 Be6 20. h4 Qc7 21. Ne1 f4 22. Nd3 f3 23. Bxf3 Nxg5 24. Bxd5 cxd5 25. hxg5 dxc4 26. Nf4 Rxf4 27. Bxf4 Rf8 28. Ra3 Qd7 29. Rd1 Bd5 30. f3 Qh3 31. Kf2 Qf5 32. Kg3 e6 33. Rh1 Rf7 34. Rh4 Bf8 35. Re3 Be7 36. Rc3 h5 37. Qc2 Bxg5 38. Qxf5 Bxh4+ 39. Kxh4 Rxf5 40. Bg5 Rf8 41. Bf6 Rb8 42. Kg5 Kf7 43. b3 cxb3 44. Rc7+ Ke8 45. Rh7 b2 46. Rh8+ Kd7 47. Rxb8 b1Q 0-1

[Event "Trieste op 26th"]
[Site "Trieste"]
[Date "2024.09.01"]
[Round "2"]
[White "Motola, Jacopo"]
[Black "Schnaider, Ilan"]
[Result "1/2-1/2"]
[WhiteElo "2207"]
[BlackElo "2377"]
[PlyCount "44"]
[EventDate "2024.08.31"]
[EventType "swiss"]
[EventRounds "9"]
[EventCountry "ITA"]
[SourceTitle "EXT 2025"]
[Source "ChessBase"]
[SourceDate "2024.10.14"]
[SourceVersion "1"]
[SourceVersionDate "2024.10.14"]
[SourceQuality "1"]

1. d4 d5 2. c4 c6 3. Nc3 Nf6 4. e3 Bf5 5. cxd5 cxd5 6. Qb3 Nc6 7. Qxb7 Bd7 8. Qb3 Rb8 9. Qd1 e5 10. Nf3 Bd6 11. dxe5 Nxe5 12. Be2 Qc7 13. h3 0-0 14. 0-0 Nxf3+ 15. Bxf3 Rfd8 16. Ne2 Bh2+ 17. Kh1 Be5 18. Nd4 Ne4 19. b3 Bxd4 20. Qxd4 Bb5 21. Bb2 f6 22. Bxe4 dxe4 1/2-1/2

[Event "Lignano Bella Italia op 3rd"]
[Site "Lignano Sabbiadoro"]
[Date "2024.08.20"]
[Round "5"]
[White "Schnaider, Ilan"]
[Black "Domalchuk Jonasson, Aleksandr"]
[Result "1/2-1/2"]
[WhiteElo "2377"]
[BlackElo "2366"]
[PlyCount "70"]
[EventDate "2024.08.17"]
[EventType "swiss"]
[EventRounds "9"]
[EventCountry "ITA"]
[SourceTitle "CBM 221 Extra"]
[Source "ChessBase"]
[SourceDate "2024.09.30"]
[SourceVersion "1"]
[SourceVersionDate "2024.09.30"]
[SourceQuality "1"]

1. e4 c6 2. Nf3 d5 3. Nc3 dxe4 4. Nxe4 Nf6 5. Qe2 Nxe4 6. Qxe4 Nd7 7. Bc4 Nf6 8. Ne5 e6 9. Qe2 b5 10. Bb3 Qc7 11. d4 Bd6 12. c3 0-0 13. 0-0 c5 14. Bf4 a6 15. dxc5 Qxc5 16. Rad1 Qc7 17. Rxd6 Qxd6 18. Ng6 Qc5 19. Nxf8 Qxf8 20. Qf3 Nd5 21. Bxd5 exd5 22. Be5 Be6 23. Bd4 Qd6 24. Re1 Re8 25. h3 Bd7 26. Rxe8+ Bxe8 27. Qg4 f6 28. Qc8 Qc6 29. Qd8 Kf7 30. b4 h5 31. Bc5 Qe6 32. Qc7+ Bd7 33. Qd6 Qe1+ 34. Kh2 Qe5+ 35. Kg1 Qe1+ 1/2-1/2

[Event "Spilimbergo op 22nd"]
[Site "Spilimbergo"]
[Date "2024.08.11"]
[Round "4"]
[White "Hoffmann, Sebastian1"]
[Black "Schnaider, Ilan"]
[Result "0-1"]
[WhiteElo "2218"]
[BlackElo "2377"]
[PlyCount "80"]
[EventDate "2024.08.09"]
[EventType "swiss"]
[EventRounds "9"]
[EventCountry "ITA"]
[SourceTitle "EXT 2025"]
[Source "ChessBase"]
[SourceDate "2024.10.14"]
[SourceVersion "1"]
[SourceVersionDate "2024.10.14"]
[SourceQuality "1"]

1. d4 d5 2. c4 e6 3. Nc3 Nf6 4. cxd5 exd5 5. Bg5 Bb4 6. e3 h6 7. Bh4 g5 8. Bg3 Ne4 9. a3 Bxc3+ 10. bxc3 h5 11. f3 Nxg3 12. hxg3 Qd6 13. g4 h4 14. Bd3 Nc6 15. Ne2 Ne7 16. Qb1 c6 17. Kf2 Qc7 18. g3 hxg3+ 19. Nxg3 Rh4 20. Qg1 Bd7 21. Rxh4 gxh4 22. Ne2 0-0-0 23. Nf4 Rh8 24. c4 dxc4 25. Bxc4 Ng6 26. Nd3 Be6 27. Bxe6+ fxe6 28. f4 h3 29. Qg3 Qa5 30. Ne5 Qd2+ 31. Kg1 Nxf4 32. Qf3 Rf8 33. Rd1 Ne2+ 34. Kh2 Rxf3 35. Rxd2 Rf2+ 36. Kxh3 Ng1+ 37. Kg3 Rxd2 38. g5 Ne2+ 39. Kf3 Nc3 40. e4 Rxd4 0-1

[Event "Titled Tuesday intern op 06th Aug Late"]
[Site "Chess.com INT"]
[Date "2024.08.06"]
[Round "8"]
[White "Schnaider, Ilan"]
[Black "Bolourchifard, Farzad"]
[Result "0-1"]
[WhiteElo "2377"]
[BlackElo "2292"]
[PlyCount "144"]
[EventDate "2024.08.06"]
[EventType "swiss (blitz)"]
[EventRounds "11"]
[EventCountry "USA"]
[SourceTitle "EXT 2025"]
[Source "ChessBase"]
[SourceDate "2024.10.14"]
[SourceVersion "1"]
[SourceVersionDate "2024.10.14"]
[SourceQuality "1"]

1. d4 Nf6 2. Nc3 d5 3. Bf4 a6 4. e3 c5 5. Nf3 Bg4 6. h3 Bxf3 7. Qxf3 e6 8. 0-0-0 Nc6 9. dxc5 Bxc5 10. e4 Qa5 11. exd5 Nb4 12. dxe6 Nxa2+ 13. Nxa2 Qxa2 14. exf7+ Kf8 15. Bd3 Qa1+ 16. Kd2 Qxb2 17. Rb1 Qa3 18. Qxb7 Rd8 19. Qc7 Rd7 20. Qc8+ Kxf7 21. Qxh8 Ne4+ 22. Ke2 Nc3+ 23. Kd2 Nxb1+ 24. Rxb1 Rxd3+ 25. cxd3 Qa2+ 26. Kc3 Qxb1 27. Qxh7 Qb4+ 28. Kc2 Qxf4 29. Qh5+ Kf6 30. Qxc5 Qa4+ 31. Kd2 a5 32. Qb6+ Kf7 33. Qc7+ Kg6 34. Qd6+ Kf7 35. Qe5 Qa2+ 36. Ke3 a4 37. Qf4+ Kg8 38. Qb8+ Kh7 39. Qc8 a3 40. Qf5+ Kg8 41. Qc8+ Kf7 42. Qf5+ Ke7 43. Qg5+ Kf8 44. Qd8+ Kf7 45. Qd7+ Kf6 46. Qd8+ Kf7 47. Qc7+ Kg6 48. Qc6+ Kh7 49. Qe4+ Kg8 50. Qe8+ Kh7 51. Qh5+ Kg8 52. Qe8+ Kh7 53. Qa4 Qb2 54. Qh4+ Kg8 55. Qd8+ Kf7 56. Qd7+ Kf6 57. Qd6+ Kf7 58. Qd5+ Ke7 59. Qc5+ Kd7 60. Qa7+ Kc6 61. Qa6+ Qb6+ 62. Qxb6+ Kxb6 63. Kf4 a2 64. g4 a1Q 65. Kg3 Qd4 66. f4 Kc6 67. f5 Kd6 68. Kh4 Ke7 69. Kg5 Qe3+ 70. Kh4 Qxd3 71. Kh5 Qxh3+ 72. Kg5 Qh6# 0-1

[Event "Titled Tuesday intern op 06th Aug Early"]
[Site "Chess.com INT"]
[Date "2024.08.06"]
[Round "5"]
[White "Schnaider, Ilan"]
[Black "Golubev, Mikhail"]
[Result "0-1"]
[WhiteElo "2377"]
[BlackElo "2461"]
[PlyCount "42"]
[EventDate "2024.08.06"]
[EventType "swiss (blitz)"]
[EventRounds "11"]
[EventCountry "USA"]
[SourceTitle "EXT 2025"]
[Source "ChessBase"]
[SourceDate "2024.10.14"]
[SourceVersion "1"]
[SourceVersionDate "2024.10.14"]
[SourceQuality "1"]

1. d4 Nf6 2. Nc3 e6 3. Bf4 Bb4 4. Qd3 c5 5. dxc5 Qa5 6. e3 Na6 7. Nge2 Nxc5 8. Qd4 Nce4 9. Be5 Bc5 10. Qd3 Nxf2 11. Qb5 Qxb5 12. Nxb5 Nxh1 13. Nc7+ Kd8 14. Nxa8 d6 15. Bd4 b6 16. Nc3 Bb7 17. Ke2 Bxd4 18. exd4 Bxa8 19. g3 h5 20. Bh3 h4 21. g4 Nh7 0-1

[Event "Titled Tuesday intern op 30th Jul Late"]
[Site "Chess.com INT"]
[Date "2024.07.30"]
[Round "8"]
[White "Pereira, Fabian1"]
[Black "Schnaider, Ilan"]
[Result "0-1"]
[WhiteElo "2106"]
[BlackElo "2391"]
[PlyCount "74"]
[EventDate "2024.07.30"]
[EventType "swiss (blitz)"]
[EventRounds "11"]
[EventCountry "USA"]
[SourceTitle "EXT 2025"]
[Source "ChessBase"]
[SourceDate "2024.10.14"]
[SourceVersion "1"]
[SourceVersionDate "2024.10.14"]
[SourceQuality "1"]

1. e4 c5 2. Nf3 Nc6 3. d4 cxd4 4. Nxd4 g6 5. Nb5 Bg7 6. c4 Nf6 7. Bd3 0-0 8. 0-0 d6 9. h3 Bd7 10. Be3 a6 11. N5c3 Rc8 12. f4 Nb4 13. Be2 b5 14. a3 Nc6 15. cxb5 axb5 16. Bxb5 Qa5 17. Be2 Rb8 18. Qc1 Nxe4 19. Nxe4 Bxb2 20. Qd2 Bxa1 21. Nbc3 Bxc3 22. Nxc3 Rb3 23. Rc1 Rxa3 24. Bf3 Rb8 25. f5 Rbb3 26. fxg6 hxg6 27. Nd5 Qxd2 28. Bxd2 Ne5 29. Bd1 Rd3 30. Nxe7+ Kf8 31. Bg5 Rac3 32. Rb1 Nc6 33. Be2 Nxe7 34. Bxe7+ Kxe7 35. Bxd3 Rxd3 36. Re1+ Be6 37. Kf2 d5 0-1

[Event "Titled Tuesday intern op 30th Jul Early"]
[Site "Chess.com INT"]
[Date "2024.07.30"]
[Round "8"]
[White "Sahib, Singh"]
[Black "Schnaider, Ilan"]
[Result "0-1"]
[WhiteElo "2445"]
[BlackElo "2391"]
[PlyCount "52"]
[EventDate "2024.07.30"]
[EventType "swiss (blitz)"]
[EventRounds "11"]
[EventCountry "USA"]
[SourceTitle "EXT 2025"]
[Source "ChessBase"]
[SourceDate "2024.10.14"]
[SourceVersion "1"]
[SourceVersionDate "2024.10.14"]
[SourceQuality "1"]

1. e4 c5 2. Nf3 d6 3. d4 cxd4 4. Nxd4 Nf6 5. Nc3 a6 6. Be3 Ng4 7. Bg5 h6 8. Bh4 g5 9. Bg3 Bg7 10. Be2 h5 11. h4 gxh4 12. Bxh4 Nc6 13. Nb3 b5 14. Qd2 Be6 15. 0-0-0 Nge5 16. Kb1 Nc4 17. Bxc4 bxc4 18. Nc1 Rb8 19. f4 Qa5 20. Ka1 Qb4 21. Nd3 cxd3 22. cxd3 Qa5 23. f5 Rxb2 24. Kxb2 Qb4+ 25. Kc2 Nd4+ 26. Kc1 Bh6 0-1

[Event "Titled Tuesday intern op 30th Jul Early"]
[Site "Chess.com INT"]
[Date "2024.07.30"]
[Round "11"]
[White "Schnaider, Ilan"]
[Black "Budrewicz, Krzysztof"]
[Result "1-0"]
[WhiteElo "2391"]
[BlackElo "2185"]
[PlyCount "145"]
[EventDate "2024.07.30"]
[EventType "swiss (blitz)"]
[EventRounds "11"]
[EventCountry "USA"]
[SourceTitle "EXT 2025"]
[Source "ChessBase"]
[SourceDate "2024.10.14"]
[SourceVersion "1"]
[SourceVersionDate "2024.10.14"]
[SourceQuality "1"]

1. d4 Nf6 2. Nc3 d5 3. Bf4 g6 4. e3 Bg7 5. h4 c5 6. Nf3 Bg4 7. Be2 Nc6 8. Ne5 Bxe2 9. Nxe2 Qb6 10. 0-0 0-0 11. c3 Rac8 12. Rb1 Nh5 13. Nd7 Qd8 14. Nxf8 Nxf4 15. Nxf4 Bxf8 16. Qb3 c4 17. Qxb7 e6 18. Qa6 Rc7 19. g3 h6 20. Qa4 g5 21. hxg5 hxg5 22. Ne2 Bd6 23. Kg2 Qf6 24. Rh1 Qf5 25. Rbc1 g4 26. Nf4 Qe4+ 27. Kg1 Bxf4 28. exf4 Kg7 29. Qc2 Qxc2 30. Rxc2 Rb7 31. Kg2 f5 32. Re2 Nd8 33. Rb1 Kf6 34. b3 cxb3 35. Rxb3 Rc7 36. Rc2 Nf7 37. Rb4 Nd6 38. Ra4 Ke7 39. Ra6 Kd7 40. Re2 Ne4 41. Rb2 Nd6 42. Rb8 Nc8 43. Rb3 Nd6 44. Rb1 Nc8 45. Ra3 Nd6 46. Rh1 Ke7 47. Rh7+ Nf7 48. Rb3 Kf6 49. a4 Kg6 50. Rh1 Nd6 51. Rc1 Kf6 52. Rb8 Rc4 53. Rb4 Rc6 54. Kf1 Ne4 55. Rb7 Ra6 56. Kg2 Rxa4 57. Rc2 Nd6 58. Rc7 Nc4 59. Rc6 Ra3 60. Re2 Rxc3 61. Rcxe6+ Kf7 62. Re7+ Kf8 63. Re8+ Kf7 64. R8e7+ Kf8 65. Rxa7 Rd3 66. Re6 Rxd4 67. Rf6+ Ke8 68. Rxf5 Rd2 69. Rh5 Ne3+ 70. Kg1 Rd1+ 71. Kh2 Nf1+ 72. Kg2 Nd2 73. Rh8# 1-0

[Event "Titled Tuesday intern op 30th Jul Late"]
[Site "Chess.com INT"]
[Date "2024.07.30"]
[Round "3"]
[White "Schnaider, Ilan"]
[Black "Fishchuk, Vladyslav"]
[Result "1-0"]
[WhiteElo "2391"]
[BlackElo "2225"]
[PlyCount "73"]
[EventDate "2024.07.30"]
[EventType "swiss (blitz)"]
[EventRounds "11"]
[EventCountry "USA"]
[SourceTitle "EXT 2025"]
[Source "ChessBase"]
[SourceDate "2024.10.14"]
[SourceVersion "1"]
[SourceVersionDate "2024.10.14"]
[SourceQuality "1"]

1. d4 d5 2. Nc3 c5 3. Bf4 Nf6 4. e4 Nxe4 5. Nxe4 dxe4 6. dxc5 Qa5+ 7. c3 Qxc5 8. Qa4+ Nc6 9. Qxe4 g6 10. Nf3 Bg7 11. Rd1 0-0 12. Be3 Qa5 13. Bc4 Bf5 14. Qh4 Ne5 15. Nxe5 Qxe5 16. 0-0 Bf6 17. Bg5 Rac8 18. Bb3 Bxg5 19. Qxg5 Qf6 20. Qe3 b6 21. Rfe1 e6 22. Rd7 Ra8 23. Qf3 h5 24. h3 Rfd8 25. Red1 Kg7 26. g4 hxg4 27. hxg4 Rxd7 28. Rxd7 Qg5 29. Qxa8 Bxg4 30. Qg2 Qh5 31. Rd3 Bf5 32. Re3 Qh4 33. Bd1 Qc4 34. Bb3 Qc5 35. Qf3 a5 36. Qf4 b5 37. Qe5+ 1-0

[Event "Titled Tuesday intern op 30th Jul Early"]
[Site "Chess.com INT"]
[Date "2024.07.30"]
[Round "6"]
[White "Schnaider, Ilan"]
[Black "Korneev, Svyatoslav"]
[Result "1-0"]
[WhiteElo "2391"]
[BlackElo "2193"]
[PlyCount "87"]
[EventDate "2024.07.30"]
[EventType "swiss (blitz)"]
[EventRounds "11"]
[EventCountry "USA"]
[SourceTitle "EXT 2025"]
[Source "ChessBase"]
[SourceDate "2024.10.14"]
[SourceVersion "1"]
[SourceVersionDate "2024.10.14"]
[SourceQuality "1"]

1. d4 e6 2. Nc3 d5 3. Bf4 Nf6 4. Nb5 Na6 5. e3 c6 6. Nc3 Nc7 7. Nf3 Bd6 8. Ne5 0-0 9. Bd3 c5 10. dxc5 Bxc5 11. Qf3 Nce8 12. Qh3 d4 13. 0-0-0 Qa5 14. Nc4 Qd8 15. exd4 e5 16. Qh4 exf4 17. Bxh7+ Kh8 18. dxc5 Qc7 19. Nd5 Qxc5 20. Bd3+ Kg8 21. Rhe1 Be6 22. Re5 Bxd5 23. Rxd5 Qc7 24. Rg5 b5 25. Ne5 g6 26. Bxg6 fxg6 27. Rxg6+ Ng7 28. Nf3 Rad8 29. Re1 Rde8 30. Rxf6 Rxe1+ 31. Nxe1 Qe7 32. Rxf8+ Qxf8 33. Nf3 Qf7 34. Qd8+ Ne8 35. Qg5+ Kf8 36. Qxb5 Qe6 37. Qb4+ Kf7 38. Qxf4+ Kg8 39. Qg5+ Kh8 40. Qe3 Qf7 41. Ng5 Qd7 42. Qe5+ Kg8 43. Ne4 Ng7 44. Nf6+ 1-0

[Event "Titled Tuesday intern op 30th Jul Late"]
[Site "Chess.com INT"]
[Date "2024.07.30"]
[Round "10"]
[White "Schnaider, Ilan"]
[Black "Skotheim, Andreas"]
[Result "1/2-1/2"]
[WhiteElo "2391"]
[BlackElo "2225"]
[PlyCount "166"]
[EventDate "2024.07.30"]
[EventType "swiss (blitz)"]
[EventRounds "11"]
[EventCountry "USA"]
[SourceTitle "EXT 2025"]
[Source "ChessBase"]
[SourceDate "2024.10.14"]
[SourceVersion "1"]
[SourceVersionDate "2024.10.14"]
[SourceQuality "1"]

1. d4 d5 2. Nc3 c5 3. Bf4 Nc6 4. e4 cxd4 5. Nb5 e5 6. exd5 exf4 7. dxc6 Bc5 8. c7 Qe7+ 9. Be2 a6 10. Nxd4 Qxc7 11. Ngf3 Nf6 12. Nb3 Ba7 13. 0-0 0-0 14. c3 Rd8 15. Qc2 a5 16. Rad1 Bg4 17. Nfd4 a4 18. Bxg4 Nxg4 19. Qe2 axb3 20. Qxg4 Bxd4 21. cxd4 bxa2 22. h4 g6 23. h5 Rd5 24. h6 b5 25. Qh4 Qd8 26. Qxf4 b4 27. b3 Qd6 28. Qf3 Rd8 29. Ra1 Rh5 30. g3 Ra5 31. Kg2 Qd5 32. Rfd1 Ra3 33. Qxd5 Rxd5 34. Rd2 f6 35. Rdxa2 Rxa2 36. Rxa2 Rxd4 37. Ra8+ Kf7 38. Ra7+ Kg8 39. Rg7+ Kh8 40. Rf7 Kg8 41. Rxf6 Rd3 42. Rf3 Rd4 43. Re3 Kf7 44. Re5 Rd3 45. Rb5 Rxb3 46. Rb7+ Kg8 47. Rg7+ Kh8 48. g4 g5 49. Rxg5 Rb2 50. Rb5 Kg8 51. Rb7 b3 52. g5 Rb1 53. Kf3 b2 54. Rg7+ Kf8 55. Rb7 Ke8 56. g6 hxg6 57. h7 Rh1 58. Rb8+ Kf7 59. Rxb2 Rxh7 60. Rb7+ Kg8 61. Rb8+ Kg7 62. Kg4 Rh5 63. f4 Rf5 64. Rb7+ Kf6 65. Rb6+ Kg7 66. Rb1 Rh5 67. Rg1 Kf6 68. Kf3 Rh4 69. Ke4 Rh5 70. Rb1 Ra5 71. Rb6+ Kg7 72. Kf3 Rh5 73. Kg4 Kf7 74. Rb7+ Kf6 75. Rb8 Kf7 76. Rb1 Kf6 77. Re1 Kf7 78. Rf1 Kf6 79. Rf2 Ra5 80. Rb2 Rh5 81. Rb6+ Kf7 82. Ra6 Kg7 83. Rb6 Kf7 1/2-1/2

[Event "Titled Tuesday intern op 23rd Jul Early"]
[Site "Chess.com INT"]
[Date "2024.07.23"]
[Round "6"]
[White "Ferriz Barrios, Andres"]
[Black "Schnaider, Ilan"]
[Result "0-1"]
[WhiteElo "2102"]
[BlackElo "2391"]
[PlyCount "42"]
[EventDate "2024.07.23"]
[EventType "swiss (blitz)"]
[EventRounds "11"]
[EventCountry "USA"]
[SourceTitle "EXT 2025"]
[Source "ChessBase"]
[SourceDate "2024.10.14"]
[SourceVersion "1"]
[SourceVersionDate "2024.10.14"]
[SourceQuality "1"]

1. d4 Nf6 2. Nf3 d5 3. Nbd2 c5 4. e3 e6 5. c3 Nc6 6. Bd3 Bd6 7. 0-0 0-0 8. Qe2 e5 9. dxc5 Bxc5 10. e4 Be6 11. Ng5 h6 12. Nxe6 fxe6 13. Nf3 Qc7 14. h3 Rad8 15. b4 Bd6 16. Bb2 a6 17. a4 Nh5 18. exd5 exd5 19. Bg6 Nf4 20. Qc2 e4 21. Nh4 Be7 0-1